000 00820nam a22002897a 4500
001 BR9700516
003 BR-BrBNA
005 20230928095459.0
007 ta
008 230509b bl.||||| |||| 00| 0 por d
040 _aBR-BrBNA
_bpor
_cBiblioteca Nacional de Agricultura
041 _a(Por)
072 _aL51; L70
090 _ L51 BR9700516
100 1 _aBouffault, J.
100 1 _aHoffmann, B.
100 1 _aHeitzman, R.J.
111 1 _a1. Simposio de Anabolizantes
_cPedro Leopoldo, MG (Brazil)
_d17-18 Nov 1983
245 1 _a1. Simposio de anabolizantes v. 1. Conferencias proferidas. v. Anexos
260 3 _aPedro Leopoldo, MG (Brasil):
_c1983.
300 _a2 v.
500 _a12 ref.
650 _aAnabolizante
650 _aMedicamento
909 _a202309
_bLucia
_c55
_dLucia Elande
942 _cBK
999 _c56815
_d56815